000 00945nam a2200253Ia 4500
003 OSt
005 20220923212248.0
006 a|||||r|||| 00| 0
007 ta
008 220922b |||||||| |||| 00| 0 hin d
024 _a151,867
037 _cTextual
040 _aARTS
_cARTS
_bhin
041 _2hin
_ahin
082 _aDelta2y7M63x, L6
100 _aचक्रवर्ती, शरच्चन्द्र
245 0 _aविवेकानन्द जी के संग में वार्तालाप
246 _aVivekānanda jī ke sanga mean vārtālāpa
250 _aसंस्क 5
260 _aनागपूर
_b स्वामी व्योमरूपानन्द पंचम संस्करण
_c1976
300 _a388 पृ.
_ccm.
942 _hDelta2y7M63x, L6
_cTEXL
_2CC
999 _c307540
_d307540